El último magnate
Guardat en:
| Autor principal: | |
|---|---|
| Format: | Llibre |
| Idioma: | espanyol |
| Publicat: |
Santiago
Cochrane
1980
|
| Matèries: | |
| Etiquetes: |
Afegir etiqueta
Sense etiquetes, Sigues el primer a etiquetar aquest registre!
|
MARC
| LEADER | 00000nam a2200000 a 4500 | ||
|---|---|---|---|
| 001 | UCQ4429 | ||
| 003 | CL-VaPUC | ||
| 008 | 980904e19800000CL |||||||||||||||||spa|d | ||
| 082 | 0 | 4 | |a 813 |b FIT |2 21 |
| 100 | 0 | |a Fitzgerald, Francis Scott |e author |9 371937 | |
| 245 | 1 | 3 | |a El último magnate |
| 300 | |a 2 v | ||
| 942 | |c BK | ||
| 945 | |d 19980904 00:00:00 |a crobeson | ||
| 260 | |a Santiago |b Cochrane |c 1980 | ||
| 650 | 0 | |a Novelas estadounidenses |9 265217 | |
| 650 | 0 | |a Literatura estadounidense |9 317168 | |
| 583 | |a last modification |c 19980904 00:00:00 |k Rodrigo Vera | ||
| 999 | |c 274805 |d 274803 | ||
| 952 | |0 0 |1 0 |4 0 |6 813_000000000000000_FIT_1980 |7 0 |8 A |9 311116 |a BIBEDU |b BIBEDU |d 2019-11-20 |h v.1 |i 1465066 |o 813 FIT 1980 |p 1465066 |r 2019-11-20 |w 2019-11-20 |y BK |k LIT | ||
| 952 | |0 0 |1 0 |4 0 |6 813_000000000000000_FIT_1980 |7 0 |8 A |9 311117 |a BIBEDU |b BIBEDU |d 2019-11-20 |h v.1 |i 1465074 |o 813 FIT 1980 |p 1465074 |r 2019-11-20 |w 2019-11-20 |y BK |k LIT | ||
| 952 | |0 0 |1 0 |4 0 |6 813_000000000000000_FIT_1980 |7 0 |8 A |9 311118 |a BIBEDU |b BIBEDU |d 2019-11-20 |h v.2 |i 1465082 |o 813 FIT 1980 |p 1465082 |r 2019-11-20 |w 2019-11-20 |y BK |k LIT | ||
| 952 | |0 0 |1 0 |4 0 |6 813_000000000000000_FIT_1980 |7 0 |8 A |9 311119 |a BIBEDU |b BIBEDU |d 2019-11-20 |h v.2 |i 1465090 |o 813 FIT 1980 |p 1465090 |r 2019-11-20 |w 2019-11-20 |y BK |k LIT | ||